000 00495nam a2200157 a 4500
001 000022810
005 20260305073955.0
008 101118s1973 ck r 000 0 spa d
040 _aDO-SdBNP
_bspa
_cBNPHU
082 _a923.187
_bB689C
100 1 _aCastellanos, Rafael Ramón.
_939920
245 1 0 _aBolívar, crítico de literatura y de historia /
_cRafael Ramón Castellanos.
260 _aBogotá :
_bKelly,
_c1973.
300 _a130 p. ;
_c17 cm.
600 1 0 _aBolívar, Simón,
_d1783-1830
_9253
999 _c22307
_d22307